Belize Districts Quiz - Statistics

General Stats
  • This quiz has been taken 52 times
  • The average score is 5 of 6
Answer Stats
Capital District % Correct
______ Orange Walk
90%
______ Belize
87%
______ Corozal
77%
San Ignacio Cayo
70%
Punta Gorda Toledo
67%
Dangriga Stann Creek
63%
No matching quizzes found
Score Distribution
Percent of People with Each Score
Percentile by Number Answered
Your Score History
You have not taken this quiz